Catálogo
 En Linea

Síntesis de la historia de la iglesia en Santo Domingo / (Registro nro. 37793)

Detalles MARC
000 -CABECERA
campo de control de longitud fija 00471nam a2200133 a 4500
001 - NÚMERO DE CONTROL
campo de control 000038303
005 - FECHA Y HORA DE LA ÚLTIMA TRANSACCIÓN
campo de control 20210326154637.0
008 - DATOS DE LONGITUD FIJA--INFORMACIÓN GENERAL
campo de control de longitud fija 130408s1981 dr a 000 0 spa d
040 ## - FUENTE DE LA CATALOGACIÓN
Centro catalogador/agencia de origen DO-SdBNP
Lengua de catalogación spa
Centro/agencia transcriptor BNPHU
100 ## - ENTRADA PRINCIPAL--NOMBRE DE PERSONA
Nombre de persona Polanco Brito, Hugo E.
9 (RLIN) 7924
245 10 - MENCIÓN DE TÍTULO
Título Síntesis de la historia de la iglesia en Santo Domingo /
Mención de responsabilidad, etc. Hugo E. Polanco Brito.
260 ## - PUBLICACIÓN, DISTRIBUCIÓN, ETC.
Lugar de publicación, distribución, etc. Higüey, República Dominicana :
Nombre del editor, distribuidor, etc. Obispado de Santiago de los Caballeros ,
Fecha de publicación, distribución, etc. 1981.
300 ## - DESCRIPCIÓN FÍSICA
Extensión 78 p. : ;
Dimensiones 21 cm.
Existencias
Estado de retiro Estado de pérdida No para préstamo Código de colección Localización permanente Ubicación/localización actual Ubicación en estantería Fecha de adquisición Número de inventario Total de préstamos Signatura topográfica completa Código de barras Fecha visto por última vez Precio válido a partir de Tipo de ítem Koha Número de copia
    Excluido de préstamo Patrimonio Dominicano Patrimonio Dominicano Patrimonio Dominicano Depósito 08.04.2013 LF1   38303-10 25.06.2020 25.06.2020 Libro y Folleto Colección Patrimonio Dominicano  
    Excluido de préstamo Patrimonio Dominicano Patrimonio Dominicano Patrimonio Dominicano Depósito 19.04.2013 LF1   38303-20 25.06.2020 25.06.2020 Libro y Folleto Colección Patrimonio Dominicano e. 2

Con tecnología Koha